000 00552nam a2200193 4500
001 44719
090 _a44719
100 _a20250904 pory50
101 _aesp
102 _aESP
200 _aDoña Juana Don Juan, Juan y Juanito
_fAndras Laszlo
205 _a1.ª Ed.
210 _aBarcelona
_cJose Janes Editor
_d1952
215 _a143, [2] p.
225 _aAl Monigotel de Papel
_ecoleccion optimista
317 _aobra contém carimbo de posse de António Pires Ferreira de Carvalho
675 _a821.511.141-31
801 _aPT
_gRPC
990 _cLIVROS